000 01075nam a2200313 i 4500
005 20220317000145.0
007 ta
008 210824s20042018sp a ar 000 1 spa d
020 _a9788489804364
040 _aCO-BoRNBP
_bspa
_erda
_cCO-BoRNBP
041 0 _aspa
084 _aA BAU4
100 1 _aBauer, Jutta
_d1955-
_eautor
245 1 0 _aMadrechillona
_cJutta Bauer ; traducido por L. Rodríguez López
250 _aQuinta edición
_bOctava edición
264 1 _aSalamanca
_bLóguez Ediciones
_c2004
_c2018
300 _a[34] páginas
_bilustraciones
_c17 cm
336 _atexto
_btxt
_2rdacontent
337 _asin mediación
_bn
_2rdamedia
338 _avolumen
_bnc
_2rdacarrier
521 _aRecomendado para un público infantil mayor de 3 años
534 _tSchreimutter
650 1 7 _aÁlbumes infantiles alemanes
_ySiglo XX
_2ARMARC
650 1 7 _aLiteratura infantil alemana
_ySiglo XX
_2ARMARC
650 1 7 _aAutores alemanes
_ySiglo XX
_2ARMARC
650 1 7 _aMadres
_vÁlbumes
_2ARMARC
700 1 _aRodríguez López, L.
_etraductor
_916183
942 _2loc
_cBKLIT
999 _c3256
_d3256